000 01425nam a22003497a 4500
003 CHAP
005 20220329143904.0
008 120608s2011 mx r 00010 spa d
010 _a103302
011 _a104274
035 _a114964
040 _cCHAP
090 _aTesis
100 1 _aValenzuela Hermocillo, Ernesto Alejandro
_9117489
245 1 0 _aProductividad física y monetaria del agua de bombeo en cultivos hortofrutícolas de la comarca lagunera
_h[En línea]
_c/por Ernesto Alejandro Valenzuela Hermocillo
260 _aChapingo, Méx. :
_bEl autor,
_c2011
500 _aPara ver el contenido del material haga clic en la liga
502 _aTesis (Ing. Agr. Esp. en Mecánica Agrícola) -- UACH. Departamento de Ingeniería Mecánica Agrícola
590 _aALEPH
_b10
_c20130110
_lUCH01
_h1544
590 _aBATCH-UPD
_b10
_c20130110
_lUCH01
_h1616
590 _aBATCH-UPD
_b10
_c20140324
_lUCH01
_h1530
590 _aBATCH-UPD
_b10
_c20141002
_lUCH01
_h0853
590 _aCONVERSION
_b10
_c20130109
_lUCH01
_h1357
650 0 4 _aBombeo
_xCostos.
_913626
650 0 4 _aComarca Lagunera.
_925520
650 0 4 _aCultivos
_xVariedades.
_930332
856 _3Finding aid
_uhttp://10.13.5.2/tesis/114964.pdf
_zTeclea aqui
901 _aBK
942 _cFOLL
949 _aTesis
_bBC
_cTES
_d33724002325918
_eTS1
_gDonaciØn
_h53387
_i114964
_st
949 _aTesis
_bBC
_cTES
_d33724002325959
_eTS2
_fc.2
_gDonaciØn
_h53388
_i114964
_st
999 _c103302
_d103302